1193 1989 1048 1911 1987 1472 1898 1840 1062 1468 1604 1431 1012 1922 1496 1632 1565 1656 1317 1595 1738 1375 1285 1915 1448 1330 1584 1066 1628 1059 1915 1814 1311 1094 1036 1932 1757 1408 1522 1390 1706 1021 1482 1886 1076 1233 1636 1472 1516 1574 1255 1325 1814 1054 1056 1305 1165 1051 1415 1756 1882 1482 1034 1463 1520 1102 1544 1788 1160 1694 1287 1979 1326 1098 1967 1232 1844 1364 1669 1429 1866 1965 1958 1768 1595 1335 1461 1334 1343 1529 1288 1156 1476 1009 1349 1334 1970 1625 1051 BCNSPRNW ULIB Ver.6.0+V

เปลี่ยนเป็นภาษาไทย

Change to English
 แสดงรายละเอียดบรรณานุกรม
  กลับหน้าหลัก

Brief Record : Get Marc (ISO 2709) : E-mail record : QR code < ปิดหน้าต่าง
LEADER : 00000nam 2200000uu 4500
001    13399120206
003     ULIB
008    120912s2553||||th 000 0 tha d
020    ^a9789741075430
050  4 ^aLB1043^bน784ก
100 0  ^aเนตร หงษ์ไกรเลิศ
245 10 ^aการใช้โสตทัศนูปกรณ์ /^cเนตร หงษ์ไกรเลิศ, ธนะเมศฐ์ รฐาพงศ์พัชรา และปณิธาน มหุวรรณ ; อรุณี ยันตรปกรณ์; บรรณาธิการ
250    ^aพิมพ์ครั้งที่ 1
260    ^aนนทบุรี :^bโครงการสวัสดิการวิชาการ สถาบันพระบรมราชชนก, ^c2553
300    ^a221 หน้า :^bภาพประกอบ
650  7 ^aโสตทัศนูปกรณ์
650  7 ^aโสตทัศนศึกษา
710 2  ^aสถาบันพระบรมราชชนก.^bโครงการสวัสดิการวิชาการ
945    ^p250^l0^i19521
995    ^aกัณชพร
999    ^aทศพร เกษรทอง
รายการนี้ยังไม่มีแท็ก
คุณยังไม่ได้ล็อกอิน คุณสามารถมีกิจกรรมร่วมกับเว็บไซต์ได้ แต่ต้องล็อกอินก่อน ::
  ล็อกอิน

รายการสื่อสารสนเทศ

ลำดับที่ ประเภท เลขเรียก/บาร์โค้ด สถานที่ สถานะ
1. วิทยาศาสตร์การแพทย์ และสุขภาพ
วิทยาศาสตร์การแพทย์ และสุขภาพ
LB1043 น784ก  
  Barcode: 19521
ห้องสมุดวิทยาเขตสวรรค์ประชารักษ์
►หนังสือทั่วไป
บนชั้น

รายการใกล้เคียง
    ผู้แต่ง [เนตร หงษ์ไกรเลิศ]

    หัวเรื่อง [โสตทัศนูปกรณ์]
    หัวเรื่อง [โสตทัศนศึกษา]

BibComment


ยังไม่เคยถูกคอมเมนท์

คอมเมนท์ทรัพยากรรายการนี้
  คอมเมนท์: การใช้โสตทัศนูปก..


 Copyright 2026. Bcnsprnw @Library